Sports Quiz

Random Sports or Bible Quiz

Fielding Bible Awards 2010 - Battery Quiz Stats

 Plays Quiz not verified by Sporcle

Challenge
Share
Tweet
Embed
Score 0/10 Timer 05:00
0 Plays Today
% Correct
Yadier Molina, St. Louis Cardinals (unanimous)
90.2%
Joe Mauer, Minnesota Twins
83.6%
Mark Buehrle, Chicago White Sox
68.9%
Bronson Arroyo, Cincinnati Reds
45.9%
Carlos Ruiz, Philadelphia Phillies
34.4%
Kurt Suzuki, Oakland Athletics
31.1%
Miguel Olivo, Colorado Rockies
16.4%
Zack Greinke, Kansas City Royals
4.9%
Trevor Cahill, Oakland Athletics
4.9%
Ricky Romero, Toronto Blue Jays
0%

You're not logged in!

Compare scores with friends on all Sporcle quizzes.
OR
Log In

You Might Also Like...

Show Comments

Extras

Top Quizzes Today


Score Distribution

Your Account Isn't Verified!

In order to create a playlist on Sporcle, you need to verify the email address you used during registration. Go to your Sporcle Settings to finish the process.

Report this User

Report this user for behavior that violates our Community Guidelines.

Details: